Southville International School and Colleges
Your cart is empty.
  • Cart
  • Lists
    Public lists Eva Luna New books Lux_list list_1
    Your lists Log in to create your own lists
  • Log in to your account
  • Your cookies
  • Search history
Southville International School and Colleges
  • Advanced search
  • Recent comments
  • Most popular
  • Libraries

Log in to your account

Log in with GOOGLE


If you do not have an external account, but do have a local account, you can still log in:

  1. Home
  2. MARC view: Fundamentals of general, organic, and biological chemistry :
Normal view MARC view ISBD view

Fundamentals of general, organic, and biological chemistry : (Record no. 2144)

[ view plain ]
MARC details
000 -LEADER
fixed length control field 00608nam a22002177a 4500
003 - CONTROL NUMBER IDENTIFIER
control field OSt
005 - DATE AND TIME OF LATEST TRANSACTION
control field 20151205083707.0
008 - FIXED-LENGTH DATA ELEMENTS--GENERAL INFORMATION
fixed length control field 130307t xxu||||| |||| 00| 0 eng d
020 ## - INTERNATIONAL STANDARD BOOK NUMBER
International Standard Book Number 0471242853
050 ## - LIBRARY OF CONGRESS CALL NUMBER
Classification number QD 31.2
Item number .H758 1996
082 ## - DEWEY DECIMAL CLASSIFICATION NUMBER
Classification number IB 540
Item number H74 1998
100 ## - MAIN ENTRY--PERSONAL NAME
Personal name Holum R. John
245 ## - TITLE STATEMENT
Title Fundamentals of general, organic, and biological chemistry :
Statement of responsibility, etc John R. Holum
Remainder of title study guide
250 ## - EDITION STATEMENT
Edition statement 6th ed.
260 ## - PUBLICATION, DISTRIBUTION, ETC. (IMPRINT)
Place of publication, distribution, etc New York :
Name of publisher, distributor, etc J. Wiley,
Date of publication, distribution, etc c1998.
300 ## - PHYSICAL DESCRIPTION
Dimensions 26 cm.
Extent 613 [pages.
Other physical details ill.,
526 ## - STUDY PROGRAM INFORMATION NOTE
Reading level 900L to 1010L
562 ## - COPY AND VERSION IDENTIFICATION NOTE
Number of copies 1
942 ## - ADDED ENTRY ELEMENTS (KOHA)
Source of classification or shelving scheme Library of Congress Classification
Koha item type Books
Edition 6th ed.
Holdings
Withdrawn status Lost status Source of classification or shelving scheme Damaged status Home library Current library Shelving location Date acquired Total Checkouts Full call number Barcode Date last seen Copy number Price effective from Koha item type
    Library of Congress Classification   Luxembourg Library Luxembourg Library International Baccalaureate Section 03/07/2013   QD 31.2 .H758 1998 15838 08/13/2013 1 03/07/2013 Books

Fundamentals of general, organic, and biological chemistry :

APA

Holum R. John, . (1998). Fundamentals of general, organic, and biological chemistry. New York: J. Wiley.

Chicago

Holum R. John, . 1998. Fundamentals of general, organic, and biological chemistry. New York: J. Wiley.

Harvard

Holum R. John, . (1998). Fundamentals of general, organic, and biological chemistry. New York: J. Wiley.

MLA

Holum R. John, . Fundamentals of general, organic, and biological chemistry. New York: J. Wiley. 1998.

  • Place hold
  • Print
  • Cite
  • Add to your cart (remove)
  • Save record
    BIBTEX Dublin Core MARCXML MARC (non-Unicode/MARC-8) MARC (Unicode/UTF-8) MARC (Unicode/UTF-8, Standard) MODS (XML) RIS
  • More searches
    Search for this title in:
    Other Libraries (WorldCat) Other Databases (Google Scholar) Online Stores (Bookfinder.com) Open Library (openlibrary.org)

Exporting to Dublin Core...

SOUTHVILLE LIBRARY

Southville International School and Colleges Library

1281 Tropical Ave. Cor. Luxembourg St., BF Homes International, Las Pinas City

Tel. No. 8256374 / 252358 Loc. 117/146

Powered by Koha